000 01547nam a22002897a 4500
001 1332
005 20230817103727.0
008 230817b cb ||||| |||| 00| 0 khr d
020 _a9789996305504
040 _aFISKH
_beng
_cFISKH
_dFISKH
082 _a306.85
100 _aChakriya, Phou
245 _aប៉ាចាកចេញ /
_cនិពន្ធដោយ ភូ ចរិយា​ - គូររូបដោយ សេង វិសាល
250 _aបោះពុម្ពលើកទី ៥ ខែកញ្ញា ឆ្នាំ ២០២១
260 _aPhnom Penh :
_bSipar,
_c2021.
300 _a36 pages :
_bcolor illustrations ;
_c25 cm
490 _aខ្ញុំចង់អាន
505 _aP
520 _aព្រឹកនេះ ម៉ាក់ប្រញាប់ប្រញាល់ចេញពីផ្ទះទៅពេទ្យ។ មួយសន្ទុះក្រោយមក ឡានពេទ្យ ដឹកប៉ាមកជាមួយ ប៉ុន្តែគាត់លេងដកដង្ហើមហើយ។​
520 _aThis morning, Mom hurried out of the house to the hospital. After a while, an ambulance arrived with Dad but he wasn't breathing anymore.
521 _a650
_bLexile estimate
521 _aP
_bRaz-Plus
650 _aប៉ា​
_vឈឺ
_xស្លាប់
_yរថយន្តសង្គ្រោះបន្ទាន់
650 _aDad
_vSick
_xDie
_yAmbulance
700 _aVisal, Seng
_cillustrator
942 _2ddc
_cBK
_n0
999 _c1332
_d1332